Консуэло. Т. 2 (Запись № 8980531)

Подробности
000 -МАРКЕР
контрольное поле 01102nam2a22002411 4500
001 - ИДЕНТИФИКАТОР ЗАПИСИ
контрольное поле rc\4935005
005 - ИДЕНТИФИКАТОР ВЕРСИИ
контрольное поле 20250613043022.0
035 ## - ДРУГИЕ СИСТЕМНЫЕ НОМЕРА
Идентификатор записи (NLR Aleph) 008947178
100 ## - ДАННЫЕ ОБЩЕЙ ОБРАБОТКИ
Данные общей обработки 20130426d1957 |||y0rusy50 ca
101 1# - ЯЗЫК РЕСУРСА
Язык текста, звукозаписи и т.д. русский
Язык оригинала французский
102 ## - СТРАНА ПУБЛИКАЦИИ ИЛИ ПРОИЗВОДСТВА
Страна публикации Российская Федерация
105 ## - ПОЛЕ КОДИРОВАННЫХ ДАННЫХ: ТЕКСТОВЫЕ МАТЕРИАЛЫ, МОНОГРАФИЧЕСКИЕ
Кодированные данные о монографическом текстовом документе a z |||||
200 0# - ЗАГЛАВИЕ И СВЕДЕНИЯ ОБ ОТВЕТСТВЕННОСТИ
Основное заглавие Т. 2
Первые сведения об ответственности [Пер. под ред. Т. Ириновой]
210 ## - ПУБЛИКАЦИЯ, РАСПРОСТРАНЕНИЕ И ДР.
Место издания, распространения и т.д. Казань
Имя издателя, распространителя и т. д. Таткнигоиздат, Ред. худож. лит.
Дата издания, распространения и т.д. 1957
215 ## - ФИЗИЧЕСКАЯ ХАРАКТЕРИСТИКА
Специфическое обозначение материала и объем 466 с., 1 л. ил.
461 #0 - УРОВЕНЬ НАБОРА
Встроенное поле 001rc\4935003
-- 2001#$aКонсуэло$eРоман$eВ 2 т.$e[Пер. с фр.$fПослесл. И. Лилеевой$gИл.: Б. Дехтерев]. Т. 1-2$vТ. 2
-- 700#1$aСанд$bЖ.$f1804-1876$gЖорж
Системный номер (АБИС) связанной записи 8980521
Автор Санд, Ж. (1804-1876)
Место публикации Казань
Дата публикации 1957
Первые сведения об ответственности Послесл. И. Лилеевой
Имя издателя, распространителя и т.д. Таткнигоиздат, Ред. худож. лит.
Сведения, относящиеся к заглавию Роман : В 2 т. : [Пер. с фр.
Физическая характеристика 2 т.
Заглавие Консуэло
Номер тома Т. 2
702 #1 - ИМЯ ЛИЦА - ВТОРИЧНАЯ ОТВЕТСТВЕННОСТЬ
Начальный элемент ввода Иринова
Часть имени, кроме начального элемента ввода Т.
Код отношения Редактор
801 #0 - ИСТОЧНИК ЗАПИСИ
Страна Российская Федерация
Организация NLR
Правила каталогизации psbo
801 #1 - ИСТОЧНИК ЗАПИСИ
Страна Российская Федерация
Организация ELAR
Источник данных rusmarc
852 ## - МЕСТОНАХОЖДЕНИЕ И ШИФР ХРАНЕНИЯ
Идентификатор организации NLR
Шифр хранения (Call Number) 57-3/4553
942 ## - ДОПОЛНИТЕЛЬНЫЕ ЭЛЕМЕНТЫ ЗАПИСИ (АБИС)
Тип экземпляра АБИС Книга
980 ## - КОЛЛЕКЦИЯ
Название коллекции Национальная библиография
Экземпляры
Тип экземпляра Дата поступления Библиотека постоянного хранения Библиотека текущего хранения Место хранения Шифр хранения Штрих-код Статус экземпляра
Книга 26.10.2013 РНБ (Московский) РНБ (Московский) Русский книжный фонд: издания с 1957 года 57-3/4553 8947178-10